Alphabetical Pokemon - Generation VIII - Statistics

General Stats
  • This quiz has been taken 59 times
  • The average score is 87 of 96
Answer Stats
Type Pokemon % Correct
Grass/Dragon Appletun
100%
Grass/Dragon Applin
100%
Water/Ice Arctovish
100%
Electric/Ice Arctozolt
100%
Bug Blipbug
100%
Electric Boltund
100%
Rock/Fire Carkol
100%
Fire/Bug Centiskorch
100%
Rock/Fire Coalossal
100%
Flying/Steel Corviknight
100%
Flying Corvisquire
100%
Flying/Water Cramorant
100%
Dragon/Ghost Dragapult
100%
Dragon/Ghost Drakloak
100%
Dragon/Ghost Dreepy
100%
Steel/Dragon Duraludon
100%
Grass/Dragon Flapple
100%
Ice/Bug Frosmoth
100%
Dark/Fairy Grimmsnarl
100%
Grass Grookey
100%
Fairy Alcremie
95%
Water Arrokuda
95%
Water Barraskewda
95%
Fire Cinderace
95%
Steel Copperajah
95%
Steel Cufant
95%
Bug/Psychic Dottler
95%
Water/Dragon Dracovish
95%
Electric/Dragon Dracozolt
95%
Water/Rock Drednaw
95%
Water Drizzile
95%
Ice Eiscue
95%
Grass Eldegoss
95%
Poison/Dragon Eternatus
95%
Fighting Falinks
95%
Grass Gossifleur
95%
Dark/Fairy Impidimp
95%
Psychic/Normal Indeedee
95%
Water Inteleon
95%
Fighting Kubfu
95%
Electric/Dark Morpeko
95%
Bug/Psychic Orbeetle
95%
Water/Ghost Basculegion
90%
Psychic/Grass Calyrex
90%
Water Chewtle
90%
Fighting Clobbopus
90%
Ghost Cursola
90%
Normal Dubwool
90%
Fairy/Flying Enamorus
90%
Ice Glastrier
90%
Fighting Grapploct
90%
Normal Greedent
90%
Psychic/Fairy Hatterene
90%
Psychic Hattrem
90%
Fairy Milcery
90%
Dark/Fairy Morgrem
90%
Dark/Normal Obstagoon
90%
Fire Raboot
90%
Grass Rillaboom
90%
Flying Rookidee
90%
Fire Scorbunny
90%
Fire/Bug Sizzlipede
90%
Ice/Bug Snom
90%
Water Sobble
90%
Grass Thwackey
90%
Electric/Poison Toxel
90%
Electric/Poison Toxtricity
90%
Fighting/Dark Urshifu
90%
Electric Yamper
90%
Fairy Zacian
90%
Fighting Zamazenta
90%
Dark/Grass Zarude
90%
Psychic Hatenna
85%
Bug/Rock Kleavor
85%
Ice/Psychic Mr. Rime
85%
Dark/Poison Overqwil
85%
Rock Rolycoly
85%
Ground/Ghost Runerigus
85%
Normal Skwovet
85%
Ground/Normal Ursaluna
85%
Normal/Psychic Wyrdeer
85%
Dark Nickit
80%
Steel Perrserker
80%
Ghost Polteageist
80%
Ghost Sinistea
80%
Poison/Fighting Sneasler
80%
Rock Stonjourner
80%
Electric Pincurchin
75%
Dragon Regidrago
75%
Electric Regieleki
75%
Ground Sandaconda
75%
Ground Silicobra
75%
Fighting Sirfetch'd
75%
Ghost Spectrier
75%
Dark Thievul
75%
Normal Wooloo
75%
No matching quizzes found
Score Distribution
Percent of People with Each Score
Percentile by Number Answered
Your Score History
You have not taken this quiz